00535nam a2200193 a 4500001001300000003000900013005001700022008004100039020002300080082001800103100001900121245002800140260005000168300000900218500003500227505003700262650002300299700001900322nice12345678IN_TiNIC20260116012250.0050524s1983 cama grp 000 0 eng  a0521154 c10000a297.1977bDAW aDawisha, Adeed aIslam in Foreign Policy aCambridge bCambridge University Press c1983 a191p aincludes index and biblioraphy2 aAppendix, notes and bibliography aIslam and Politics1 aDawisha, Adeed